[Event "Tirol Landesliga 2223"]
[Site "Austria"]
[Date "2023.03.11"]
[Round "7.4"]
[White "Lederwasch, Bernhard"]
[Black "Kollmann, Robert"]
[Result "1/2-1/2"]
[WhiteElo "2139"]
[BlackElo "1898"]
[PlyCount "79"]
[EventDate "2022.10.01"]
[EventType "team-tourn"]
[EventRounds "9"]
[EventCountry "AUT"]
[SourceTitle "EXT 2024"]
[Source "ChessBase"]
[SourceDate "2023.10.10"]
[SourceVersion "1"]
[SourceVersionDate "2023.10.10"]
[SourceQuality "1"]
[WhiteTeam "Jenbach"]
[BlackTeam "Reutte"]
[WhiteTeamCountry "AUT"]
[BlackTeamCountry "AUT"]

1. e4 e6 2. d4 d5 3. Nc3 Bb4 4. e5 c5 5. a3 Ba5 6. b4 cxd4 7. Nb5 Bc7 8. f4 Nc6 9. Nf3 Nge7 10. Bd3 Bd7 11. Bb2 a6 12. Nxc7+ Qxc7 13. 0-0 g6 14. Kh1 Qb6 15. Qd2 h5 16. Qf2 h4 17. Nxh4 0-0-0 18. Nf3 Rdg8 19. Bxd4 Nxd4 20. Qxd4 Qd8 21. Qc5+ Kb8 22. b5 Bxb5 23. Bxb5 axb5 24. Qxb5 Nf5 25. Rfb1 Qe7 26. g4 Ne3 27. Rb3 Nxg4 28. Rab1 Rc8 29. Qxb7+ Qxb7 30. Rxb7+ Ka8 31. R7b4 Rc7 32. Ra4+ Ra7 33. Rxa7+ Kxa7 34. Rb4 Rc8 35. Nd4 Ne3 36. Rb2 Ka6 37. Kg1 Rc4 38. Rb4 Rc3 39. Rb3 Rc4 40. Rb4 1/2-1/2

[Event "THA-chT op"]
[Site "Bangkok"]
[Date "2020.12.11"]
[Round "3.3"]
[White "Kollmann, Robert"]
[Black "Aung, Kyaw Moe"]
[Result "1/2-1/2"]
[WhiteElo "1877"]
[BlackElo "2143"]
[PlyCount "60"]
[EventDate "2020.12.10"]
[EventType "team-swiss"]
[EventRounds "9"]
[EventCountry "THA"]
[SourceTitle "CBM 199 Extra"]
[Source "ChessBase"]
[SourceDate "2021.01.31"]
[SourceVersion "1"]
[SourceVersionDate "2021.01.31"]
[SourceQuality "1"]
[WhiteTeam "Pattaya Knightmares"]
[BlackTeam "Bangkok CC"]
[WhiteTeamCountry "THA"]
[BlackTeamCountry "THA"]

1. d4 Nf6 2. c4 e6 3. Nc3 Bb4 4. Bd2 c5 5. e3 Nc6 6. Nf3 0-0 7. a3 cxd4 8. axb4 dxc3 9. Bxc3 d5 10. c5 Ne4 11. Bd3 f5 12. Bxe4 fxe4 13. Ne5 Qf6 14. f4 exf3 15. Nxf3 Qh6 16. Qd2 Bd7 17. 0-0 a6 18. Ne5 Nxe5 19. Bxe5 Bb5 20. Rf4 Qg6 21. Qd4 Rxf4 22. exf4 Rc8 23. Re1 h5 24. h4 Bd3 25. Re3 Be4 26. Qd2 Qg4 27. Qf2 g6 28. Rxe4 dxe4 29. Qd2 Qxh4 30. Qd7 Qe1+ 1/2-1/2

[Event "Bangkok op 17th"]
[Site "Bangkok"]
[Date "2017.04.08"]
[Round "1"]
[White "Kollmann, Robert"]
[Black "Gustafsson, Jan"]
[Result "0-1"]
[WhiteElo "2012"]
[BlackElo "2626"]
[PlyCount "66"]
[EventDate "2017.04.08"]
[EventType "swiss"]
[EventRounds "9"]
[EventCountry "THA"]
[SourceTitle "CBM 177 Extra"]
[Source "ChessBase"]
[SourceDate "2017.04.27"]
[SourceVersion "1"]
[SourceVersionDate "2017.04.27"]
[SourceQuality "1"]

1. f4 d5 2. Nf3 g6 3. e3 Bg7 4. Be2 Nf6 5. 0-0 0-0 6. Qe1 c5 7. d3 Nc6 8. h3 Qc7 9. Nbd2 e5 10. fxe5 Nxe5 11. e4 dxe4 12. Nxe5 Qxe5 13. Nc4 Qe6 14. Bg5 b5 15. Qh4 exd3 16. Bf3 Rb8 17. Na5 Bd7 18. cxd3 Qb6 19. Nc6 Bxc6 20. Bxf6 Bxf6 21. Qxf6 Bxf3 22. Qxf3 Rbd8 23. Rad1 Rd4 24. b3 Qd6 25. Qb7 a6 26. Rf3 Qe6 27. Qc7 c4 28. bxc4 bxc4 29. Rdf1 cxd3 30. Rf6 Qd5 31. Rxa6 d2 32. Rd1 Re8 33. Qg3 Re1+ 0-1